El erizo y la exhibición (Registro nro. 17789)

Detalles MARC
000 -LDR (LÍDER)
Campo de control de longitud fija 01670nam a2200349 a 4500
003 - IDENTIFICADOR DEL NÚMERO DE CONTROL
Campo de control CO-PeBPR
005 - FECHA Y HORA DE LA ÚLTIMA TRANSACCIÓN
Campo de control 20260426081328.0
008 - ELEMENTOS DE DATOS DE LONGITUD FIJA--INFORMACIÓN GENERAL
Campo de control de longitud fija 260415e2024 ck a|||| n||| 00| 0 spa c
020 ## - Código Internacional normalizado para libros
Código Internacional normalizado para libros 9789588962924
040 0# - FUENTE DE CATALOGACIÓN
Agencia catalogadora original CO-PeBPR
Idioma de la agencia catalogadora spa
Agencia que transcribe CO-PeBPR
Norma para la descripción rda
041 0# - Código del Idioma
Código idioma del recurso original spa
082 04 - NÚMERO DE CLASIFICACIÓN DECIMAL DEWEY
Número de clasificación (i) 894.353 O99e
100 1# - ASIENTO PRINCIPAL--NOMBRE PERSONAL
Nombre personal Ozge Bahar, Sunar
Términos de relación autor
245 10 - MENCIÓN DE TÍTULO
Título propiamente dicho El erizo y la exhibición
Mención de responsabilidad / Sunar Ozge Sunar ; traducción de Daniel Ricardo Villareal Quintero ; ilustraciones de Ceyhun Sen
250 ## - MENCIÓN DE EDICIÓN
Mención de edición Edición especial
264 #1 - Área de la Producción Publicación, Distribución, Manufactura, etc.
Lugar de publicación, distribución, etc. Bogotá, Colombia
Nombre de la editorial, distribuidor, etc. : Tiempo de Leer Editorial
Fecha de publicación, distribución, etc. , 2024
300 ## - DESCRIPCIÓN FÍSICA
Extensión [38] páginas sin enumerar
Otros detalles físicos : ilustraciones a color
Dimensiones 22 centímetros
336 ## - Tipo de Contenido
Tipo de contenido texto
Código de tipo de contenido txt
Fuente rdacontenido
337 ## - Tipo de Medio
Tipo de Medio sin mediación
Código de tipo de medio n
Fuente rdamedio
338 ## - Tipo de Soporte
Tipo de soporte volumen
Código de tipo de soporte nc
Fuente rdasoporte
490 ## - MENCIÓN DE SERIE
Título de la serie Plan Nacional de Lectura, Escritura y Oralidad / Ministerio de Cultura, Las Artes y los Saberes)
-- Colección tiempo de soñar
520 ## - NOTA DE RESUMEN, ETC.
Nota de sumario Una gran exposición de clase se abrirá en la escuela del bosque. En ella, la letra "A", escrita por cada alumno, se colgará en las ramas de los árboles. Pero Erizo no puede escribir, está herido por un leve accidente. ¿Podrá Erizo llevar su tarea de la letra "A"? ¿Cómo lo hará?.
521 ## - NOTA DE AUDIENCIA
Nota de audiencia Recomendado para 7 a 12 años.
650 14 - ASIENTO SECUNDARIO DE MATERIA - TÉRMINO TEMÁTICO
Fuente del encabezado o término LEMB
Encabezamiento temático Cuentos infantiles turcos
650 14 - ASIENTO SECUNDARIO DE MATERIA - TÉRMINO TEMÁTICO
Fuente del encabezado o término LEMB
Encabezamiento temático Literatura infantil turca
Subdivisión cronológica Siglo XXI
650 14 - ASIENTO SECUNDARIO DE MATERIA - TÉRMINO TEMÁTICO
Fuente del encabezado o término LEMB
Encabezamiento temático Creatividad en niños en la literatura
650 14 - ASIENTO SECUNDARIO DE MATERIA - TÉRMINO TEMÁTICO
Fuente del encabezado o término LEMB
Encabezamiento temático Literatura infantil
650 14 - ASIENTO SECUNDARIO DE MATERIA - TÉRMINO TEMÁTICO
Fuente del encabezado o término LEMB
Encabezamiento temático Libros ilustrados para niños
700 1# - ASIENTO SECUNDARIO - NOMBRE PERSONAL
Nombre personal Villarreal Quintero, Daniel Ricardo
Término de relación, rol en la obra traductor
700 1# - ASIENTO SECUNDARIO - NOMBRE PERSONAL
Nombre personal Sen, Ceyhun
Término de relación, rol en la obra ilustrador
942 ## - ENTRADA DE ELEMENTOS AGREGADOS (KOHA
Fuente de clasificación o esquema de estantería. Dewey Decimal Classification
Tipo de ítem Literatura Infantil
Existencias
Estado de pérdida Fuente del sistema de clasificación o colocación Estado de daño No disponible para préstamo Colección Biblioteca de origen Biblioteca actual Ubicación en estantería Signatura topográfica completa Ejemplar Código de barras Tipo de ítem Fecha de adquisición Fuente de adquisición Total de pagos Fecha de la última vez visto
  Dewey Decimal Classification     Infantil Sala de Patrimonio Bibliográfico y Documental - Biblioteca Departamental Sala de Patrimonio Bibliográfico y Documental - Biblioteca Departamental Área Infantil (i) 894.353 O99e Ej.1 RIBPD16098 Literatura Infantil 26/04/2026 Dotación MinCultura y BNC   26/04/2026